[Event "ISR-chT"]
[Site "Israel"]
[Date "2022.03.04"]
[Round "9.5"]
[White "Gershon, Alik"]
[Black "Levin, Guy"]
[Result "1/2-1/2"]
[WhiteElo "2436"]
[BlackElo "2322"]
[PlyCount "75"]
[EventDate "2022.01.14"]
[EventType "team-tourn"]
[EventRounds "11"]
[EventCountry "ISR"]
[SourceTitle "EXT 2023"]
[Source "ChessBase"]
[SourceDate "2022.10.05"]
[SourceVersion "1"]
[SourceVersionDate "2022.10.05"]
[SourceQuality "1"]
[WhiteTeam "Kfar Saba II"]
[BlackTeam "Ramat Gan Etude"]
[WhiteTeamCountry "ISR"]
[BlackTeamCountry "ISR"]

1. d4 d5 2. c4 e6 3. Nc3 c5 4. cxd5 cxd4 5. Qa4+ Bd7 6. Qxd4 exd5 7. Nf3 Nc6 8. Qd1 Nf6 9. e3 Be6 10. Be2 a6 11. 0-0 Bc5 12. b3 0-0 13. Na4 Ba7 14. Bb2 Rc8 15. Rc1 Qe7 16. Nd4 Nxd4 17. Bxd4 Rxc1 18. Qxc1 Bxd4 19. exd4 Bd7 20. Qb2 Bxa4 21. bxa4 Rc8 22. g3 a5 23. Rb1 b6 24. Bf3 Rc6 25. Qb5 Qd6 26. Re1 g6 27. Re5 Rc4 28. Bxd5 Rxd4 29. Bb3 Kg7 30. Re1 Nd7 31. Qe2 Nc5 32. Qe8 Qf6 33. Bxf7 Rd8 34. Qe7 Rd7 35. Qxf6+ Kxf6 36. Bb3 Rd4 37. Re3 g5 38. Kg2 1/2-1/2

[Event "ISR-chT"]
[Site "Israel"]
[Date "2022.02.11"]
[Round "5.6"]
[White "Gershon, Alik"]
[Black "Bar, Roman"]
[Result "1/2-1/2"]
[WhiteElo "2436"]
[BlackElo "2490"]
[PlyCount "97"]
[EventDate "2022.01.14"]
[EventType "team-tourn"]
[EventRounds "11"]
[EventCountry "ISR"]
[SourceTitle "EXT 2023"]
[Source "ChessBase"]
[SourceDate "2022.10.05"]
[SourceVersion "1"]
[SourceVersionDate "2022.10.05"]
[SourceQuality "1"]
[WhiteTeam "Kfar Saba II"]
[BlackTeam "Ashdod"]
[WhiteTeamCountry "ISR"]
[BlackTeamCountry "ISR"]

1. d4 Nf6 2. c4 e6 3. Nc3 Bb4 4. Qc2 0-0 5. a3 Bxc3+ 6. Qxc3 d6 7. Bg5 Nbd7 8. f3 d5 9. cxd5 exd5 10. e3 Re8 11. Bh4 Qe7 12. Bf2 c5 13. Ne2 b6 14. Nf4 cxd4 15. Qxd4 Nc5 16. Rd1 h6 17. Bb5 Rd8 18. 0-0 Ba6 19. Bxa6 Nxa6 20. Rd2 Nc5 21. Qb4 Rd7 22. Rfd1 Rad8 23. a4 Rd6 24. Ne2 Nfe4 25. fxe4 Nxe4 26. Nd4 Nxd2 27. Qxd2 Qe4 28. Qd3 Rc8 29. Qxe4 dxe4 30. Be1 Rc4 31. Ra1 Rd5 32. Bc3 f5 33. Rf1 g6 34. g4 fxg4 35. Rf6 Rxa4 36. Ne6 g5 37. Rxh6 Kf7 38. Nd4 b5 39. Rh7+ Kg6 40. Rb7 a6 41. Kg2 Ra1 42. Rb6+ Kh7 43. Kg3 Rg1+ 44. Kf2 Rh1 45. Kg2 Ra1 46. Rf6 Rb1 47. Rf7+ Kg6 48. Rb7 Ra1 49. Rb6+ 1/2-1/2

[Event "ISR-chT"]
[Site "Israel"]
[Date "2019.01.05"]
[Round "2.3"]
[White "Gershon, Alik"]
[Black "Rozentalis, Eduardas"]
[Result "0-1"]
[WhiteElo "2431"]
[BlackElo "2526"]
[PlyCount "82"]
[EventDate "2019.01.04"]
[EventType "team-tourn"]
[EventRounds "11"]
[EventCountry "ISR"]
[SourceTitle "CBM 188 Extra"]
[Source "ChessBase"]
[SourceDate "2019.02.26"]
[SourceVersion "1"]
[SourceVersionDate "2019.02.26"]
[SourceQuality "1"]
[WhiteTeam "Kfar Saba Hapoel II"]
[BlackTeam "Kfar Saba"]
[WhiteTeamCountry "ISR"]
[BlackTeamCountry "ISR"]

1. d4 Nf6 2. c4 e6 3. Nc3 Bb4 4. Qc2 d6 5. a3 Bxc3+ 6. Qxc3 Nbd7 7. Nf3 b6 8. Bg5 Bb7 9. e3 Rc8 10. b4 h6 11. Bh4 g5 12. Bg3 Ne4 13. Qc2 h5 14. Bd3 f5 15. h4 g4 16. Ng5 Nxg5 17. hxg5 Bxg2 18. Rh2 Bf3 19. d5 Ne5 20. Bxf5 exf5 21. Bxe5 Be4 22. Qa4+ b5 23. Qxb5+ c6 24. dxc6 Bxc6 25. Qa6 dxe5 26. b5 0-0 27. bxc6 Qxg5 28. 0-0-0 Qg6 29. Qb5 Qxc6 30. Qxc6 Rxc6 31. Rd5 Rxc4+ 32. Kd2 Kf7 33. Rxh5 Kg6 34. Rh2 Rfc8 35. Rxe5 Rd8+ 36. Ke2 Rc2+ 37. Ke1 Rc1+ 38. Ke2 Rcd1 39. e4 R8d2+ 40. Ke3 Rd3+ 41. Ke2 f4 0-1

[Event "ISR-chT 1112"]
[Site "Israel"]
[Date "2011.12.16"]
[Round "1.1"]
[White "Gershon, Alik"]
[Black "Kantsler, Boris"]
[Result "1/2-1/2"]
[WhiteElo "2499"]
[BlackElo "2422"]
[PlyCount "59"]
[EventDate "2011.12.16"]
[EventType "team-tourn"]
[EventRounds "11"]
[EventCountry "ISR"]
[SourceTitle "EXT 2013"]
[Source "ChessBase"]
[SourceDate "2012.11.22"]
[SourceVersion "1"]
[SourceVersionDate "2012.11.22"]
[SourceQuality "1"]

1. d4 d6 2. Nf3 g6 3. c4 Bg7 4. e4 Bg4 5. Be2 Nc6 6. Be3 e5 7. d5 Bxf3 8. Bxf3 Nd4 9. Bxd4 exd4 10. Nd2 Ne7 11. Nb3 c5 12. 0-0 0-0 13. Nc1 Nc8 14. Bg4 Nb6 15. b3 Re8 16. Re1 d3 17. Nxd3 Bxa1 18. Qxa1 Qg5 19. h3 Qd2 20. Rd1 Qh6 21. e5 dxe5 22. Nxc5 Qg7 23. Bf3 Rab8 24. d6 Rec8 25. d7 Rd8 26. a4 Qf6 27. a5 Qe7 28. axb6 Qxc5 29. Qxa7 Qb4 30. Bxb7 1/2-1/2

[Event "ISR-chT 1011"]
[Site "Israel"]
[Date "2011.03.11"]
[Round "5.3"]
[White "Neimer, Vitaly"]
[Black "Gershon, Alik"]
[Result "1/2-1/2"]
[WhiteElo "2371"]
[BlackElo "2502"]
[PlyCount "80"]
[EventDate "2010.12.24"]
[EventType "team-tourn"]
[EventRounds "11"]
[EventCountry "ISR"]
[SourceTitle "EXT 2012"]
[Source "ChessBase"]
[SourceDate "2011.11.24"]
[SourceVersion "1"]
[SourceVersionDate "2011.11.24"]
[SourceQuality "1"]
[WhiteTeam "Petah Tikva Hapoel"]
[BlackTeam "Kefar Sava Hapoel"]
[WhiteTeamCountry "ISR"]
[BlackTeamCountry "ISR"]

1. e4 c5 2. Nc3 Nc6 3. g3 g6 4. Bg2 Bg7 5. d3 e6 6. f4 d6 7. Nf3 Nge7 8. 0-0 0-0 9. Be3 Nd4 10. e5 Nef5 11. Bf2 dxe5 12. Nxe5 f6 13. Nc4 Rb8 14. Ne4 b6 15. c3 Nb5 16. Qb3 Bd7 17. a4 Nc7 18. a5 Nd5 19. axb6 axb6 20. Ra7 Bc6 21. Re1 Kh8 22. h3 Ra8 23. Qa2 h5 24. Rxa8 Bxa8 25. Qa7 h4 26. g4 Nxf4 27. Nxb6 Nxg2 28. Kxg2 Bc6 29. Na4 c4 30. Nac5 Re8 31. Qa6 Ne7 32. Qxc4 Bd5 33. Qa6 f5 34. Nxe6 Qb8 35. Nxg7 Kxg7 36. Qf6+ Kg8 37. c4 Rf8 38. Qxe7 fxe4 39. cxd5 Rxf2+ 40. Kxf2 Qg3+ 1/2-1/2

[Event "ISR-chT"]
[Site "Israel"]
[Date "2010.04.23"]
[Round "7.4"]
[White "Gershon, Alik"]
[Black "Huzman, Alexander"]
[Result "1/2-1/2"]
[WhiteElo "2503"]
[BlackElo "2597"]
[PlyCount "21"]
[EventDate "2010.01.29"]
[EventType "team"]
[EventRounds "11"]
[EventCountry "ISR"]
[SourceTitle "EXT 2011"]
[Source "ChessBase"]
[SourceDate "2010.11.26"]
[SourceVersion "1"]
[SourceVersionDate "2010.11.26"]
[SourceQuality "1"]
[WhiteTeam "Kefar Sava Hapoel"]
[BlackTeam "Beer Sheva"]
[WhiteTeamCountry "ISR"]
[BlackTeamCountry "ISR"]

1. d4 Nf6 2. c4 g6 3. Nc3 d5 4. Bf4 Bg7 5. e3 c5 6. dxc5 Qa5 7. Rc1 Ne4 8. cxd5 Nxc3 9. Qd2 Qxa2 10. bxc3 Qa5 11. Nf3 1/2-1/2

[Event "ISR-chT"]
[Site "Israel"]
[Date "2010.04.16"]
[Round "5.4"]
[White "Baron, Tal"]
[Black "Gershon, Alik"]
[Result "1-0"]
[WhiteElo "2407"]
[BlackElo "2503"]
[PlyCount "81"]
[EventDate "2010.01.29"]
[EventType "team"]
[EventRounds "11"]
[EventCountry "ISR"]
[SourceTitle "EXT 2011"]
[Source "ChessBase"]
[SourceDate "2010.11.26"]
[SourceVersion "1"]
[SourceVersionDate "2010.11.26"]
[SourceQuality "1"]
[WhiteTeam "Rishon Le Zion Feldklein"]
[BlackTeam "Kefar Sava Hapoel"]
[WhiteTeamCountry "ISR"]
[BlackTeamCountry "ISR"]

1. e4 c5 2. Nf3 d6 3. d4 Nf6 4. Nc3 cxd4 5. Nxd4 Nc6 6. Bg5 e6 7. Qd2 Qb6 8. Nb3 Be7 9. 0-0-0 0-0 10. f4 a6 11. Be2 Rd8 12. Bf3 Qc7 13. g4 b5 14. h4 b4 15. Na4 Bb7 16. Kb1 Rac8 17. Bxf6 Bxf6 18. Qf2 g6 19. g5 Bg7 20. h5 Na5 21. h6 Bh8 22. Nb6 Nc4 23. Nxc4 Qxc4 24. Na5 Qc7 25. Nxb7 Qxb7 26. Rd3 Qe7 27. Bg4 Rc4 28. Qe3 f6 29. gxf6 Bxf6 30. e5 Bxe5 31. fxe5 Rxg4 32. exd6 Qf6 33. b3 e5 34. Rhd1 Rd7 35. Rd5 e4 36. Qe2 Qe6 37. Qxa6 Rf4 38. Qc4 Rf2 39. Re5 Qxc4 40. bxc4 e3 41. c5 1-0

[Event "ISR-chT 0809"]
[Site "Israel"]
[Date "2009.05.22"]
[Round "11"]
[White "Birnboim, Nathan"]
[Black "Gershon, Alik"]
[Result "0-1"]
[WhiteElo "2319"]
[BlackElo "2507"]
[PlyCount "130"]
[EventDate "2008.12.12"]
[EventType "team-tourn"]
[EventRounds "11"]
[EventCountry "ISR"]
[SourceTitle "EXT 2010"]
[Source "ChessBase"]
[SourceDate "2010.11.25"]
[SourceVersion "1"]
[SourceVersionDate "2010.11.25"]
[SourceQuality "1"]

1. d4 Nf6 2. c4 e6 3. g3 c5 4. Nf3 cxd4 5. Nxd4 Nc6 6. Bg2 Bc5 7. Nb3 Be7 8. Nc3 0-0 9. 0-0 b6 10. Nd5 exd5 11. cxd5 Qe8 12. dxc6 dxc6 13. Nd4 Bd7 14. Qc2 Nd5 15. a3 Bf6 16. Rd1 Rd8 17. Nb5 a6 18. Nd6 Qe6 19. Nb7 Rb8 20. e4 Nc7 21. Nd6 c5 22. Bf4 Be5 23. Bxe5 Qxe5 24. a4 Rfd8 25. f4 Qh5 26. f5 Ne8 27. Nc4 Qg5 28. Qd2 Qe7 29. Qf4 Bxa4 30. Rxd8 Qxd8 31. Ne3 Bc6 32. Rd1 Qc7 33. e5 Bxg2 34. Kxg2 Rd8 35. Nd5 Qc6 36. Qf3 Kh8 37. Nc3 Qxf3+ 38. Kxf3 Rxd1 39. Nxd1 Kg8 40. Ke4 Nc7 41. Nc3 b5 42. Nd5 Ne8 43. Nb6 Nc7 44. Nd7 c4 45. Kd4 g6 46. g4 h5 47. h3 hxg4 48. hxg4 gxf5 49. gxf5 a5 50. Kc5 a4 51. Nf6+ Kg7 52. Ne4 f6 53. e6 Kf8 54. Kc6 Ne8 55. Kd7 b4 56. Nc5 a3 57. bxa3 bxa3 58. e7+ Kf7 59. Nb7 a2 60. Nd8+ Kg8 61. Kxe8 a1Q 62. Nc6 Qa8+ 63. Kd7 c3 64. Nd8 Qd5+ 65. Kc7 Qe5+ 0-1

[Event "ISR-chT 0809"]
[Site "Israel"]
[Date "2009.05.15"]
[Round "9"]
[White "Maryasin, Boris Feliksovich"]
[Black "Gershon, Alik"]
[Result "0-1"]
[WhiteElo "2340"]
[BlackElo "2507"]
[PlyCount "86"]
[EventDate "2008.12.12"]
[EventType "team-tourn"]
[EventRounds "11"]
[EventCountry "ISR"]
[SourceTitle "EXT 2010"]
[Source "ChessBase"]
[SourceDate "2010.11.25"]
[SourceVersion "1"]
[SourceVersionDate "2010.11.25"]
[SourceQuality "1"]

1. e4 c5 2. Nf3 d6 3. b4 cxb4 4. d4 d5 5. Nbd2 e6 6. Bd3 Nc6 7. e5 Qb6 8. Bb2 Nh6 9. 0-0 Nf5 10. Nb3 a5 11. a4 Bd7 12. g4 Nfe7 13. Bc1 Qc7 14. Qe2 Nc8 15. Ng5 h6 16. Nh3 Nb6 17. f4 Nd8 18. f5 Nxa4 19. fxe6 Nxe6 20. Qf3 Bc6 21. Nf4 Ng5 22. Qg2 Nc3 23. e6 Nxe6 24. Nxe6 fxe6 25. Bg6+ Kd8 26. Rf7 Qb6 27. Qf2 Bd6 28. Nc5 Kc8 29. Nxe6 Kb8 30. Bf4 Bxf4 31. Qxf4+ Ka7 32. Kh1 a4 33. Rxg7 a3 34. Qd6 Rhg8 35. Qe7 Bd7 36. Rxg8 Rxg8 37. Qxd7 Rxg6 38. Nc5 Rf6 39. Qe7 Rf4 40. Qg7 Rf2 41. Re1 a2 42. Qd7 Rxc2 43. Nb3 Rb2 0-1

[Event "ISR-chT 08"]
[Site "Israel"]
[Date "2008.05.17"]
[Round "9.4"]
[White "Gershon, Alik"]
[Black "Zaslavsky, Michael"]
[Result "1-0"]
[WhiteElo "2497"]
[BlackElo "2279"]
[PlyCount "71"]
[EventDate "2007.12.26"]
[EventType "team-tourn"]
[EventRounds "11"]
[EventCountry "ISR"]
[SourceTitle "EXT 2009"]
[Source "ChessBase"]
[SourceDate "2008.11.26"]
[SourceVersion "1"]
[SourceVersionDate "2008.11.26"]
[SourceQuality "1"]
[WhiteTeam "Kefar Sava Hapoel"]
[BlackTeam "Ashdod II"]
[WhiteTeamCountry "ISR"]
[BlackTeamCountry "ISR"]

1. d4 Nf6 2. c4 g6 3. Nc3 d5 4. Nf3 Bg7 5. Qb3 dxc4 6. Qxc4 0-0 7. e4 Na6 8. Be2 c5 9. d5 e6 10. 0-0 exd5 11. exd5 Re8 12. Be3 Bf5 13. Rad1 Rc8 14. d6 Nb8 15. Qb3 Qb6 16. Bb5 Be6 17. Qa3 Red8 18. b4 Nbd7 19. Bxd7 Nxd7 20. bxc5 Qa6 21. Qxa6 bxa6 22. Nd5 Bxd5 23. Rxd5 Rc6 24. Nd2 Bc3 25. Nb3 Bb4 26. h3 Kg7 27. Bd4+ Kf8 28. a3 Bxa3 29. Na5 Rdc8 30. Nxc6 Rxc6 31. Re1 Bxc5 32. Rc1 Bxd4 33. Rxc6 Bb6 34. Rc8+ Kg7 35. Rc7 Nf6 36. Re5 1-0

[Event "ISR-chT 08"]
[Site "Israel"]
[Date "2008.04.04"]
[Round "6.4"]
[White "Golod, Vitali"]
[Black "Gershon, Alik"]
[Result "0-1"]
[WhiteElo "2606"]
[BlackElo "2497"]
[PlyCount "96"]
[EventDate "2007.12.26"]
[EventType "team-tourn"]
[EventRounds "11"]
[EventCountry "ISR"]
[SourceTitle "EXT 2009"]
[Source "ChessBase"]
[SourceDate "2008.11.26"]
[SourceVersion "1"]
[SourceVersionDate "2008.11.26"]
[SourceQuality "1"]
[WhiteTeam "Ashdod"]
[BlackTeam "Kefar Sava Hapoel"]
[WhiteTeamCountry "ISR"]
[BlackTeamCountry "ISR"]

1. d4 Nf6 2. c4 e6 3. Nc3 Bb4 4. Qc2 0-0 5. a3 Bxc3+ 6. Qxc3 d6 7. g3 a5 8. b3 Nbd7 9. Bg2 Qe7 10. Nf3 e5 11. dxe5 dxe5 12. 0-0 Re8 13. Bb2 c6 14. Rad1 h6 15. h3 Qe6 16. Rfe1 b6 17. e4 Ba6 18. Bf1 Nh7 19. Nh4 Nc5 20. Nf5 Ng5 21. f3 f6 22. h4 Nh7 23. Bh3 Kh8 24. Kh2 Qg8 25. Qe3 Qf8 26. a4 Ne6 27. Qxb6 Qc5 28. Qxc5 Nxc5 29. Rd6 Nxb3 30. Red1 Bxc4 31. Rxc6 Bg8 32. Kh1 Red8 33. Nd6 Nf8 34. Rd3 Rab8 35. Ba3 Ne6 36. Bf1 Nbd4 37. Rc1 Nb3 38. Rcc3 Ned4 39. Kg2 Kh7 40. Kf2 Rb4 41. Bxb4 axb4 42. Rxb3 Bxb3 43. Nb7 Rc8 44. a5 Rc2+ 45. Ke3 Bc4 46. Rd1 Rc3+ 47. Bd3 Nb3 48. Nd6 Ba6 0-1

[Event "ISR-chT 08"]
[Site "Israel"]
[Date "2008.03.28"]
[Round "4.4"]
[White "Zoler, Dan"]
[Black "Gershon, Alik"]
[Result "1-0"]
[WhiteElo "2455"]
[BlackElo "2497"]
[PlyCount "145"]
[EventDate "2007.12.26"]
[EventType "team-tourn"]
[EventRounds "11"]
[EventCountry "ISR"]
[SourceTitle "EXT 2009"]
[Source "ChessBase"]
[SourceDate "2008.11.26"]
[SourceVersion "1"]
[SourceVersionDate "2008.11.26"]
[SourceQuality "1"]
[WhiteTeam "Tel Aviv Shlomo Har Zvi"]
[BlackTeam "Kefar Sava Hapoel"]
[WhiteTeamCountry "ISR"]
[BlackTeamCountry "ISR"]

1. e4 c5 2. Nf3 e6 3. b3 Nc6 4. Bb5 Nge7 5. 0-0 Ng6 6. Bb2 f6 7. Re1 Be7 8. c3 0-0 9. d4 d5 10. Nbd2 a6 11. Bf1 Kh8 12. g3 b5 13. Bg2 Qb6 14. h4 Rd8 15. exd5 exd5 16. Nf1 cxd4 17. cxd4 Bb4 18. Re2 Bf5 19. Ne3 Be4 20. h5 Nf8 21. Nh4 Bxg2 22. Kxg2 Ne7 23. a3 Bd6 24. Rc2 Bb8 25. Qf3 Qe6 26. Re2 Qf7 27. Rae1 Ra7 28. Ng4 Ng8 29. Ne3 Re7 30. Bc3 Re4 31. Nc2 Rc8 32. Bb4 Ne6 33. Rxe4 dxe4 34. Qxe4 Ng5 35. Qd3 Qd7 36. d5 Nh6 37. d6 a5 38. Bxa5 Bxd6 39. Re2 Qh3+ 40. Kg1 Ng4 41. Qd5 Bxg3 42. fxg3 Qxg3+ 43. Rg2 Qxh4 44. Qf5 Nh3+ 45. Kf1 Ne3+ 46. Nxe3 Rc1+ 47. Ke2 Nf4+ 48. Kf3 Nxg2 49. Kxg2 Qh1+ 50. Kf2 Qh2+ 51. Kf3 h6 52. Qxb5 Qh1+ 53. Ke2 Qh2+ 54. Kd3 Qd6+ 55. Qd5 Rd1+ 56. Bd2 Qa6+ 57. Kc2 Rg1 58. Qd8+ Kh7 59. Qd3+ Qxd3+ 60. Kxd3 g6 61. hxg6+ Kxg6 62. b4 h5 63. b5 h4 64. b6 Kh5 65. Bb4 h3 66. b7 h2 67. b8Q h1Q 68. Qh8+ Kg6 69. Qg8+ Kh5 70. Qf7+ Kh4 71. Qxf6+ Rg5 72. Qh6+ Rh5 73. Qf4+ 1-0

[Event "ISR-chT"]
[Site "Israel"]
[Date "2007.04.21"]
[Round "8.1"]
[White "Manor, Ilan"]
[Black "Gershon, Alik"]
[Result "1-0"]
[WhiteElo "2480"]
[BlackElo "2510"]
[PlyCount "93"]
[EventDate "2007.01.11"]
[EventType "team"]
[EventRounds "11"]
[EventCountry "ISR"]
[SourceTitle "EXT 2009"]
[Source "ChessBase"]
[SourceDate "2008.11.26"]
[SourceVersion "1"]
[SourceVersionDate "2008.11.26"]
[SourceQuality "1"]
[WhiteTeam "Tel Aviv Moshe Czerniak"]
[BlackTeam "Kefar Sava Hapoel"]
[WhiteTeamCountry "ISR"]
[BlackTeamCountry "ISR"]

1. d4 Nf6 2. c4 e6 3. g3 c5 4. d5 exd5 5. cxd5 b5 6. Bg2 d6 7. b4 Nbd7 8. bxc5 dxc5 9. Nd2 Bd6 10. a4 Be5 11. Rb1 b4 12. e4 Ba6 13. Ne2 Qe7 14. 0-0 c4 15. Nf3 0-0 16. Ned4 Bxd4 17. Nxd4 Ne5 18. Nf5 Qc7 19. Qd4 c3 20. Bf4 Bxf1 21. Bxe5 Qb6 22. Kxf1 Qxd4 23. Bxd4 c2 24. Rc1 b3 25. e5 Nd7 26. Be4 Rfe8 27. f4 Rab8 28. Ke2 Rb4 29. Bxc2 bxc2 30. Rxc2 g6 31. Nd6 Rd8 32. Rc4 Rxc4 33. Nxc4 Rb8 34. Kd3 Rb3+ 35. Kc2 Rb4 36. Kc3 Rxa4 37. Kb3 Ra6 38. g4 Nb6 39. d6 Nxc4 40. Kxc4 Kf8 41. f5 h5 42. gxh5 gxf5 43. h6 Ra4+ 44. Kd5 Ra2 45. Kc6 Ke8 46. Bxa7 Ra6+ 47. Bb6 1-0

[Event "ISR-chT"]
[Site "Israel"]
[Date "2007.04.20"]
[Round "7.2"]
[White "Gershon, Alik"]
[Black "Zifroni, Dov"]
[Result "0-1"]
[WhiteElo "2510"]
[BlackElo "2506"]
[PlyCount "116"]
[EventDate "2007.01.11"]
[EventType "team"]
[EventRounds "11"]
[EventCountry "ISR"]
[SourceTitle "EXT 2009"]
[Source "ChessBase"]
[SourceDate "2008.11.26"]
[SourceVersion "1"]
[SourceVersionDate "2008.11.26"]
[SourceQuality "1"]
[WhiteTeam "Kefar Sava Hapoel"]
[BlackTeam "Herzliya"]
[WhiteTeamCountry "ISR"]
[BlackTeamCountry "ISR"]

1. d4 d5 2. c4 e6 3. Nc3 a6 4. cxd5 exd5 5. Bf4 c6 6. Qc2 Bd6 7. Nxd5 Bxf4 8. Nxf4 Qxd4 9. Nd3 Nf6 10. Nf3 Qd5 11. e3 Bf5 12. Nd4 Bg6 13. Qc5 Qxc5 14. Nxc5 Ra7 15. b4 b6 16. Ncb3 Rc7 17. Rc1 0-0 18. g3 Nfd7 19. Rc3 c5 20. bxc5 Nxc5 21. Nxc5 Rxc5 22. Kd2 Rfc8 23. Rxc5 bxc5 24. Nc2 Nc6 25. Be2 Rb8 26. a3 a5 27. Kc3 a4 28. Bc4 Ne5 29. Bd5 Kf8 30. e4 Ng4 31. f3 Nf6 32. Bc4 Bxe4 33. Rf1 Nd5+ 34. Kd2 Bxc2 35. Bxd5 Bb3 36. Be4 Ba2 37. Bc2 Bb3 38. Be4 Ke7 39. Kc3 h6 40. Re1 Kd6 41. Re2 Re8 42. Rd2+ Kc7 43. h4 h5 44. Bf5 Re7 45. f4 c4 46. Kb4 g6 47. Bh3 f5 48. Bf1 Re1 49. Bg2 Re3 50. Rd5 Rxg3 51. Re5 Kd6 52. Rd5+ Ke6 53. Re5+ Kf6 54. Bd5 c3 55. Re6+ Kg7 56. Bxb3 axb3 57. Kxb3 c2+ 58. Kxc2 Rxa3 0-1

[Event "Athens Acropolis op"]
[Site "Athens"]
[Date "2005.03.11"]
[Round "6"]
[White "Inarkiev, Ernesto"]
[Black "Gershon, Alik"]
[Result "1-0"]
[WhiteElo "2602"]
[BlackElo "2533"]
[PlyCount "83"]
[EventDate "2005.03.06"]
[EventType "swiss"]
[EventRounds "9"]
[EventCountry "GRE"]
[SourceTitle "CBM 105 Extra"]
[Source "ChessBase"]
[SourceDate "2005.05.01"]
[SourceVersion "1"]
[SourceVersionDate "2005.05.01"]
[SourceQuality "1"]

1. e4 c5 2. Nf3 e6 3. Nc3 Nc6 4. d4 cxd4 5. Nxd4 Qc7 6. Be3 a6 7. Qd2 Nf6 8. 0-0-0 Bb4 9. f3 Ne5 10. Nb3 b5 11. Kb1 Be7 12. Qf2 d6 13. Bb6 Qb8 14. Bd4 0-0 15. g4 Nfd7 16. g5 Nc4 17. h4 a5 18. f4 a4 19. Nc1 Bb7 20. Nxb5 Nxb2 21. Bxb2 a3 22. Nxa3 Rxa3 23. Bb5 Nc5 24. Bxa3 Bxe4 25. Qe2 Bxh1 26. Rxh1 d5 27. Rh3 Qxf4 28. Bxc5 Bxc5 29. Nd3 Qd4 30. Nxc5 Qg1+ 31. Qf1 Qxc5 32. Rb3 Rc8 33. Bd3 Qa7 34. Qf4 Ra8 35. a3 g6 36. Ka2 Re8 37. Qe5 Rc8 38. Kb2 Ra8 39. Ka2 Rd8 40. Qb2 Qc7 41. Rb7 Qh2 42. Rxf7 1-0

[Event "Athens Acropolis op"]
[Site "Athens"]
[Date "2005.03.08"]
[Round "3"]
[White "Gershon, Alik"]
[Black "Izoria, Zviad"]
[Result "0-1"]
[WhiteElo "2533"]
[BlackElo "2607"]
[PlyCount "74"]
[EventDate "2005.03.06"]
[EventType "swiss"]
[EventRounds "9"]
[EventCountry "GRE"]
[SourceTitle "CBM 105 Extra"]
[Source "ChessBase"]
[SourceDate "2005.05.01"]
[SourceVersion "1"]
[SourceVersionDate "2005.05.01"]
[SourceQuality "1"]

1. d4 d5 2. c4 e6 3. Nc3 a6 4. e3 Nf6 5. Nf3 c5 6. cxd5 exd5 7. Be2 Bd6 8. 0-0 0-0 9. dxc5 Bxc5 10. b3 Nc6 11. Bb2 Ba7 12. Rc1 Re8 13. Na4 Ne4 14. Bd4 Nxd4 15. Nxd4 Qg5 16. Qd3 Bh3 17. Bf3 Rad8 18. Nc3 Bb8 19. Nde2 h5 20. Ng3 h4 21. gxh3 hxg3 22. hxg3 Nxg3 23. fxg3 Qxg3+ 24. Bg2 Rxe3 25. Qd4 Qh2+ 26. Kf2 Rde8 27. Qxe3 Rxe3 28. Kxe3 Qxg2 29. Kd3 Qxh3+ 30. Kc2 Be5 31. Ne2 Qe3 32. Rfe1 g6 33. Rcd1 Qe4+ 34. Kc1 d4 35. Ng1 Bf4+ 36. Kb2 Be3 37. Ne2 Bf2 0-1

[Event "Athens Acropolis op"]
[Site "Athens"]
[Date "2005.03.06"]
[Round "1"]
[White "Gershon, Alik"]
[Black "Zahilas, Loukas N"]
[Result "1-0"]
[WhiteElo "2533"]
[BlackElo "2211"]
[PlyCount "75"]
[EventDate "2005.03.06"]
[EventType "swiss"]
[EventRounds "9"]
[EventCountry "GRE"]
[SourceTitle "CBM 105 Extra"]
[Source "ChessBase"]
[SourceDate "2005.05.01"]
[SourceVersion "1"]
[SourceVersionDate "2005.05.01"]
[SourceQuality "1"]

1. d4 Nf6 2. c4 g6 3. Nc3 Bg7 4. e4 d6 5. Be2 0-0 6. Nf3 e5 7. Be3 Ng4 8. Bg5 f6 9. Bh4 g5 10. Bg3 Nh6 11. h3 exd4 12. Nxd4 Nc6 13. 0-0 f5 14. Nxf5 Nxf5 15. exf5 Nd4 16. Bg4 Bxf5 17. Nd5 Qd7 18. Re1 Rf7 19. Bh5 Bg6 20. Bxg6 hxg6 21. Re4 Nf5 22. Qd3 Raf8 23. Rae1 c6 24. Nc3 Nxg3 25. Qxg3 Rxf2 26. Qxf2 Rxf2 27. Kxf2 Qf5+ 28. Kg1 Be5 29. Nd1 Qf6 30. Ne3 Bd4 31. Kh2 Be5+ 32. Kh1 Qf2 33. Ng4 Qxb2 34. c5 Qxa2 35. cxd6 Bxd6 36. Re8+ Kg7 37. Rd8 Qd2 38. Re7+ 1-0

[Event "ISR-ch"]
[Site "Ramat Aviv"]
[Date "2004.09.27"]
[Round "7"]
[White "Gershon, Alik"]
[Black "Kantsler, Boris"]
[Result "1-0"]
[WhiteElo "2518"]
[BlackElo "2474"]
[PlyCount "69"]
[EventDate "2004.09.19"]
[EventType "swiss"]
[EventRounds "9"]
[EventCountry "ISR"]
[SourceTitle "CBM 102 Extra"]
[Source "ChessBase"]
[SourceDate "2004.11.03"]
[SourceVersion "1"]
[SourceVersionDate "2004.11.03"]
[SourceQuality "1"]

1. d4 d6 2. Nf3 g6 3. c4 Bg7 4. e4 Nf6 5. Nc3 0-0 6. Be2 e5 7. Be3 Na6 8. 0-0 Ng4 9. Bg5 Qe8 10. dxe5 dxe5 11. h3 f6 12. Bd2 Nh6 13. c5 c6 14. Bxa6 bxa6 15. Bxh6 Bxh6 16. Qa4 Rf7 17. Rfd1 Bf8 18. b4 Rb8 19. a3 Bb7 20. Nd2 Rd8 21. Nb3 Rfd7 22. Na5 Ba8 23. Rxd7 Rxd7 24. Rd1 Qe6 25. Qc2 Kg7 26. Qe2 Rxd1+ 27. Nxd1 Qc8 28. Ne3 Be7 29. Qd3 Bb7 30. Nec4 Ba8 31. Nd6 Qe6 32. Qxa6 Qd7 33. Qc8 Qd8 34. Nxc6 Qxc8 35. Nxc8 1-0

[Event "ISR-ch"]
[Site "Ramat Aviv"]
[Date "2004.09.19"]
[Round "1"]
[White "Gershon, Alik"]
[Black "Birnboim, Nathan"]
[Result "1-0"]
[WhiteElo "2518"]
[BlackElo "2349"]
[PlyCount "69"]
[EventDate "2004.09.19"]
[EventType "swiss"]
[EventRounds "9"]
[EventCountry "ISR"]
[SourceTitle "CBM 102 Extra"]
[Source "ChessBase"]
[SourceDate "2004.11.03"]
[SourceVersion "1"]
[SourceVersionDate "2004.11.03"]
[SourceQuality "1"]

1. d4 Nf6 2. c4 c5 3. d5 e5 4. Nc3 d6 5. e4 Be7 6. g3 0-0 7. Bg2 Ne8 8. Nge2 Nc7 9. 0-0 Qe8 10. a4 Nba6 11. f4 Bf6 12. Be3 Nb4 13. f5 b6 14. Qd2 Qd8 15. b3 h6 16. h4 Bd7 17. Kh2 Ne8 18. Ng1 Be7 19. Bf3 Nf6 20. Nh3 Nh7 21. Rg1 g5 22. Nf2 Kh8 23. Rh1 Rg8 24. Ng4 gxh4 25. Nxh6 Rg7 26. gxh4 Bf8 27. Kh3 Qf6 28. Bg5 Rxg5 29. hxg5 Bxh6 30. gxh6 Rg8 31. Bg4 Ng5+ 32. Kg3 Nxe4+ 33. Nxe4 Qxf5 34. Nf2 Nd3 35. Rh4 1-0